000 01075nas a2200241 454500
001 24181
005 20260407193506.0
008 260407s1969####ag###########|||spa#d
003 AR-UNSa-BCEJYS
040 _aAR-UNSa-BCEJYS
_bspa
_cAR-UNSa-BCEJYS
080 _a311.3
_xOrganización general de las estadisticas. Estadística oficial
245 1 0 _aCosto de la construcción
264 1 _aBuenos Aires :
_bINDEC
_c1969
310 _aFrecuencia: Mensual Se fusionó con: Indice de Precios al Consumidor y Salarios Industriales; Precios al Por Mayor e Intercambio Comercial, 1966-1972; n.1 1973 - n.139 1984, para convertirse en: Estadística Mensual. INDEC n.145 1985-v.5 n.12 1995
942 _cSER
590 _aniveau_biblio:s niveau_hierar:1
100 1 _aInstituto Nacional de Estadística y Censos (INDEC)
650 _aMateriales de construcción
650 _aESTADISTICA
650 _aCostos de construcción
650 _aDatos estadísticos
856 4 1 _uhttps://biblioeco.unsa.edu.ar/pmb/images/revistas/Costo de la Contruccion.jpg
_yImagen de portada
_qimage/jpeg
999 _c8574
_d8574